[Event "POL-chT 2nd League"]
[Site "Jastrzebia Gora"]
[Date "2023.09.09"]
[Round "8.16"]
[White "Krasiewicz, Robert"]
[Black "Gajdzica, Maciej"]
[Result "1-0"]
[WhiteElo "1945"]
[BlackElo "1968"]
[PlyCount "71"]
[EventDate "2023.09.02"]
[EventType "team-swiss"]
[EventRounds "9"]
[EventCountry "POL"]
[SourceTitle "EXT 2024"]
[Source "ChessBase"]
[SourceDate "2023.10.10"]
[SourceVersion "1"]
[SourceVersionDate "2023.10.10"]
[SourceQuality "1"]
[WhiteTeam "Zielonka Zieloni"]
[BlackTeam "Koszalin Hetman Politechnika"]
[WhiteTeamCountry "POL"]
[BlackTeamCountry "POL"]

1. d4 d5 2. Nf3 c5 3. g3 cxd4 4. Bg2 Nf6 5. 0-0 h6 6. Bf4 Nbd7 7. Qxd4 e6 8. c4 Bc5 9. Qc3 dxc4 10. Qxc4 a6 11. Ne5 0-0 12. Nxd7 Nxd7 13. a4 Qe7 14. Nc3 Nf6 15. Be5 Ba7 16. Rfd1 Bb8 17. Bd4 Bd6 18. Bxf6 gxf6 19. Qh4 f5 20. Qxh6 Be5 21. e4 Bg7 22. Qh5 fxe4 23. Nxe4 f5 24. Ng5 Bxb2 25. Rab1 Bf6 26. h4 Rb8 27. Rb6 Bxg5 28. hxg5 Rf7 29. g6 Rf8 30. Rbd6 Re8 31. Rd8 Kg7 32. Qh7+ Kf6 33. Rxe8 Qxe8 34. g7 Bd7 35. Rxd7 Qxd7 36. g8N+ 1-0

[Event "POL-chT 2nd League"]
[Site "Jastrzebia Gora"]
[Date "2023.09.08"]
[Round "7.16"]
[White "Gajdzica, Maciej"]
[Black "Wilk, Tomasz"]
[Result "1-0"]
[WhiteElo "1968"]
[BlackElo "1952"]
[PlyCount "81"]
[EventDate "2023.09.02"]
[EventType "team-swiss"]
[EventRounds "9"]
[EventCountry "POL"]
[SourceTitle "EXT 2024"]
[Source "ChessBase"]
[SourceDate "2023.10.10"]
[SourceVersion "1"]
[SourceVersionDate "2023.10.10"]
[SourceQuality "1"]
[WhiteTeam "Koszalin Hetman Politechnika"]
[BlackTeam "Krakow AGH"]
[WhiteTeamCountry "POL"]
[BlackTeamCountry "POL"]

1. d4 d5 2. c4 e6 3. Nc3 Nf6 4. cxd5 exd5 5. Bg5 c6 6. e3 Be7 7. Bd3 0-0 8. h3 Re8 9. Nf3 Nbd7 10. Qc2 h6 11. Bf4 Nf8 12. 0-0 Ne6 13. Bh2 Bd7 14. Ne5 a6 15. Rac1 c5 16. Nxd7 Qxd7 17. dxc5 Bxc5 18. Rfd1 Rac8 19. Be5 Qe7 20. Bxf6 Qxf6 21. Nxd5 Qe5 22. Qc3 Qb8 23. Bb1 Nf8 24. Qd3 Qe5 25. Qf5 Ng6 26. Qxe5 Nxe5 27. Bf5 Rc6 28. f4 g6 29. Rxc5 Rxc5 30. Nf6+ Kf8 31. fxe5 Rcxe5 32. Nxe8 Rxe8 33. Bg4 Rxe3 34. Rd7 h5 35. Bf3 b6 36. Rb7 Re6 37. Kf2 Kg7 38. b4 h4 39. a4 Rd6 40. Ke3 Kf6 41. Ra7 1-0

[Event "POL-chT 2nd League"]
[Site "Jastrzebia Gora"]
[Date "2023.09.02"]
[Round "1.106"]
[White "Gajdzica, Maciej"]
[Black "Slawinski, Miroslaw"]
[Result "1-0"]
[WhiteElo "1968"]
[BlackElo "1905"]
[PlyCount "97"]
[EventDate "2023.09.02"]
[EventType "team-swiss"]
[EventRounds "9"]
[EventCountry "POL"]
[SourceTitle "EXT 2024"]
[Source "ChessBase"]
[SourceDate "2023.10.10"]
[SourceVersion "1"]
[SourceVersionDate "2023.10.10"]
[SourceQuality "1"]
[WhiteTeam "Koszalin Hetman Politechnika"]
[BlackTeam "Olsztyn Trzydziestka"]
[WhiteTeamCountry "POL"]
[BlackTeamCountry "POL"]

1. d4 Nf6 2. c4 e6 3. Nf3 d5 4. Nc3 c6 5. e3 Nbd7 6. Bd3 dxc4 7. Bxc4 b5 8. Bd3 Bb7 9. 0-0 b4 10. Ne4 Nxe4 11. Bxe4 Bd6 12. a3 a5 13. Qc2 Qc7 14. axb4 axb4 15. Rxa8+ Bxa8 16. Bd2 Ke7 17. Rc1 Qa5 18. Bxc6 Rc8 19. Qa4 Qc7 20. Bb5 Qxc1+ 21. Bxc1 Rxc1+ 22. Bf1 Be4 23. Qb5 Rc2 24. Ne1 Rxb2 25. f3 Bg6 26. e4 b3 27. Bd3 e5 28. Qb7 f6 29. Bc4 exd4 30. Qd5 Bf4 31. Qxd4 Rb1 32. Kf1 b2 33. Ba2 Be5 34. Qb4+ Bd6 35. Qb5 Rd1 36. Qxb2 Nc5 37. Qc2 Ra1 38. Ke2 Be8 39. g3 Na4 40. Bc4 Bb4 41. Nd3 Ba5 42. Nc1 Rb1 43. Kf1 Rb2 44. Qd3 Bb6 45. Ne2 Nc5 46. Qa3 Rb1+ 47. Kg2 Kd8 48. Nf4 Rd1 49. Qa8+ 1-0

[Event "Polanica Zdroj op 59th"]
[Site "Polanica Zdroj"]
[Date "2023.08.25"]
[Round "7"]
[White "Gajdzica, Maciej"]
[Black "Wojna, Grzegorz"]
[Result "1-0"]
[WhiteElo "1927"]
[BlackElo "2071"]
[PlyCount "78"]
[EventDate "2023.08.19"]
[EventType "swiss"]
[EventRounds "9"]
[EventCountry "POL"]
[SourceTitle "CBM 215 Extra"]
[Source "ChessBase"]
[SourceDate "2023.09.30"]
[SourceVersion "1"]
[SourceVersionDate "2023.09.30"]
[SourceQuality "1"]

1. e4 e6 2. d4 d5 3. Nc3 Nf6 4. e5 Nfd7 5. f4 c5 6. Nf3 Nc6 7. Be3 cxd4 8. Nxd4 Bc5 9. Qd2 0-0 10. 0-0-0 Qe7 11. h4 f6 12. exf6 Qxf6 13. g3 a6 14. h5 Bxd4 15. Bxd4 Nxd4 16. Qxd4 Qxd4 17. Rxd4 Nb8 18. Bg2 Nc6 19. Rdd1 Bd7 20. h6 g6 21. Ne4 Ne7 22. Nc5 Bc8 23. Bh3 Nf5 24. Bxf5 Rxf5 25. Rde1 Kf7 26. Nd3 Bd7 27. Rh2 Re8 28. b3 Ke7 29. a4 Kd6 30. g4 Rf6 31. Rd2 a5 32. c4 b6 33. g5 Rf5 34. Kb2 Rc8 35. Re5 Rcf8 36. Rxf5 Rxf5 37. Kc3 Bc6 38. Kb2 Bd7 39. Kc3 Bc6 1-0

[Event "Lazy Baltic Pearl op-A 19th"]
[Site "Lazy"]
[Date "2023.06.26"]
[Round "1"]
[White "Gajdzica, Maciej"]
[Black "Wilgosz, Szczepan"]
[Result "1/2-1/2"]
[WhiteElo "1894"]
[BlackElo "1650"]
[PlyCount "61"]
[EventDate "2023.06.26"]
[EventType "swiss"]
[EventRounds "9"]
[EventCountry "POL"]
[SourceTitle "CBM 215 Extra"]
[Source "ChessBase"]
[SourceDate "2023.09.30"]
[SourceVersion "1"]
[SourceVersionDate "2023.09.30"]
[SourceQuality "1"]

1. d4 d5 2. c4 c6 3. Nf3 Nf6 4. Nc3 e6 5. e3 Nbd7 6. Bd3 dxc4 7. Bxc4 b5 8. Bb3 Bb7 9. 0-0 Be7 10. Qe2 0-0 11. e4 b4 12. Na4 c5 13. e5 Nd5 14. Bc2 cxd4 15. Qd3 g6 16. Bh6 Re8 17. Rfe1 Rc8 18. Rac1 N5b6 19. Nxb6 Qxb6 20. Qxd4 Bc5 21. Qh4 Bxf3 22. gxf3 Bd4 23. Ba4 Nxe5 24. Rxe5 Bxe5 25. Bxe8 Rxe8 26. b3 Bg7 27. Be3 Qa5 28. Kg2 Bc3 29. Rd1 Qc7 30. Bh6 a5 31. Rd3 1/2-1/2

[Event "EU-ch Rapid"]
[Site "Katowice"]
[Date "2022.12.17"]
[Round "6"]
[White "Gajdzica, Maciej"]
[Black "Malesevic, Nedeljko"]
[Result "0-1"]
[WhiteElo "1872"]
[BlackElo "2226"]
[PlyCount "48"]
[EventDate "2022.12.17"]
[EventType "swiss (rapid)"]
[EventRounds "11"]
[EventCountry "POL"]
[SourceTitle "CBM 211 Extra"]
[Source "ChessBase"]
[SourceDate "2023.01.31"]
[SourceVersion "1"]
[SourceVersionDate "2023.01.31"]
[SourceQuality "1"]

1. d4 d5 2. c4 e6 3. Nc3 Nf6 4. cxd5 exd5 5. Bg5 c6 6. e3 Be7 7. Bd3 Nbd7 8. Nf3 0-0 9. 0-0 Re8 10. Qc2 h6 11. Bh4 Ne4 12. Bxe7 Qxe7 13. Bxe4 dxe4 14. Nd2 Nf6 15. Rae1 Bf5 16. f3 Rad8 17. Qa4 a6 18. fxe4 Nxe4 19. Ndxe4 Bxe4 20. Rf4 Bg6 21. e4 c5 22. e5 cxd4 23. Rxd4 Qc5 24. Red1 Bc2 0-1

[Event "Poronin Tatra Limba op"]
[Site "Poronin"]
[Date "2022.01.11"]
[Round "9"]
[White "Gajdzica, Maciej"]
[Black "Kozlowski, Franciszek"]
[Result "1/2-1/2"]
[WhiteElo "1960"]
[BlackElo "1523"]
[PlyCount "104"]
[EventDate "2022.01.06"]
[EventType "swiss"]
[EventRounds "9"]
[EventCountry "POL"]
[SourceTitle "CBM 206 Extra"]
[Source "ChessBase"]
[SourceDate "2022.03.31"]
[SourceVersion "1"]
[SourceVersionDate "2022.03.31"]
[SourceQuality "1"]

1. d4 d5 2. c4 e6 3. Nc3 Nf6 4. cxd5 Nxd5 5. e4 Nxc3 6. bxc3 c5 7. Nf3 cxd4 8. cxd4 Nc6 9. Be2 Bb4+ 10. Bd2 Qa5 11. a3 Bxd2+ 12. Qxd2 Qxd2+ 13. Kxd2 0-0 14. Rhc1 Na5 15. Rab1 Bd7 16. Rc3 Rac8 17. Rbc1 f6 18. Rxc8 Rxc8 19. Rxc8+ Bxc8 20. Kc3 Nc6 21. d5 Nd8 22. Kb4 f5 23. exf5 exd5 24. Bd3 b6 25. Ne5 Kf8 26. Kc3 Ke7 27. Kd4 Bb7 28. g4 Kd6 29. f4 Nc6+ 30. Nxc6 Bxc6 31. f6 g6 32. h4 Bd7 33. Be2 a5 34. Bf3 b5 35. g5 Be6 36. h5 gxh5 37. Bxh5 b4 38. axb4 axb4 39. Bf3 Bf7 40. f5 b3 41. Bd1 b2 42. Bc2 Bg8 43. Bb1 Bf7 44. Kc3 Ke5 45. Kxb2 d4 46. Kc1 Bc4 47. Kd2 h6 48. Bd3 Bd5 49. gxh6 Kxf6 50. Ke2 Bg8 51. Kf3 Kg5 52. Ke4 Bh7 1/2-1/2

[Event "Poronin Tatra Limba op"]
[Site "Poronin"]
[Date "2022.01.08"]
[Round "5"]
[White "Ustianovich, Nazar"]
[Black "Gajdzica, Maciej"]
[Result "1-0"]
[WhiteElo "2344"]
[BlackElo "1960"]
[PlyCount "79"]
[EventDate "2022.01.06"]
[EventType "swiss"]
[EventRounds "9"]
[EventCountry "POL"]
[SourceTitle "CBM 206 Extra"]
[Source "ChessBase"]
[SourceDate "2022.03.31"]
[SourceVersion "1"]
[SourceVersionDate "2022.03.31"]
[SourceQuality "1"]

1. d4 d5 2. c4 e6 3. Nc3 Nf6 4. Nf3 dxc4 5. e3 a6 6. a4 c5 7. Bxc4 cxd4 8. exd4 Be7 9. 0-0 0-0 10. Qe2 Nc6 11. Rd1 Nb4 12. Bg5 Bd7 13. Ne5 Bc6 14. Nxc6 bxc6 15. a5 Nfd5 16. Bxe7 Qxe7 17. Na4 Qg5 18. Nc5 Rfd8 19. g3 h5 20. h4 Qf5 21. Rd2 Nf6 22. Re1 Kh8 23. Red1 Qh3 24. Qf3 Ra7 25. Bf1 Qg4 26. Qe3 Nbd5 27. Qe5 Nd7 28. Qd6 g5 29. Be2 Qf5 30. Bd3 Qf6 31. Ne4 Qxd4 32. Nxg5 Qg7 33. Be2 Qf6 34. Ne4 Qg7 35. Bxh5 Rf8 36. Ng5 Ne5 37. Re2 Nc4 38. Qc5 Nxb2 39. Rxb2 Qxb2 40. Qxf8# 1-0

[Event "POL-chT 2nd League"]
[Site "Sypniewo"]
[Date "2021.09.08"]
[Round "5.10"]
[White "Gajdzica, Maciej"]
[Black "Strepikowski, Pawel"]
[Result "0-1"]
[WhiteElo "1954"]
[BlackElo "1773"]
[PlyCount "130"]
[EventDate "2021.09.04"]
[EventType "team-swiss"]
[EventRounds "9"]
[EventCountry "POL"]
[SourceTitle "CBM 204 Extra"]
[Source "ChessBase"]
[SourceDate "2021.11.30"]
[SourceVersion "1"]
[SourceVersionDate "2021.11.30"]
[SourceQuality "1"]
[WhiteTeam "Koszalin Hetman Politechnika"]
[BlackTeam "Olsztyn Trzydziestka"]
[WhiteTeamCountry "POL"]
[BlackTeamCountry "POL"]

1. d4 d6 2. Nf3 Nf6 3. c4 g6 4. Nc3 Bg7 5. e4 0-0 6. Be2 Nbd7 7. 0-0 e5 8. Be3 c6 9. d5 c5 10. Kh1 Ng4 11. Bg5 f6 12. Bd2 f5 13. Ng5 Nb6 14. exf5 gxf5 15. f4 h6 16. Nh3 exf4 17. Bxf4 Ne5 18. Qb3 Nbd7 19. Bg3 Nf6 20. Rae1 Nfg4 21. Nd1 h5 22. Ne3 Bh6 23. Bf4 Bxf4 24. Nxf4 Qh4 25. Bxg4 hxg4 26. Nd1 Rb8 27. Re3 Bd7 28. a4 b6 29. Nf2 Rfe8 30. N2d3 a6 31. Qc3 Nxd3 32. Qxd3 Qf6 33. b3 Rxe3 34. Qxe3 Re8 35. Qg3 b5 36. axb5 axb5 37. Nh5 Qe7 38. Qc3 Rf8 39. Nf4 Re8 40. Nh5 Rf8 41. Qd2 Qh7 42. Qg5+ Kf7 43. Nf6 Qg6 44. Qxg6+ Kxg6 45. Nxd7 Rd8 46. Nxc5 dxc5 47. h3 gxh3 48. gxh3 bxc4 49. bxc4 Kf6 50. Kg2 Ke5 51. Rd1 Rg8+ 52. Kf3 Rh8 53. Kg3 Rg8+ 54. Kf2 Rh8 55. d6 Rd8 56. d7 Kf4 57. Rd5 Ke4 58. Rd2 Kf4 59. Rd1 Ke4 60. Kg3 Ke3 61. h4 f4+ 62. Kg4 f3 63. Re1+ Kf2 64. Re7 Kg2 65. Rf7 f2 0-1

[Event "POL-chT 2nd League"]
[Site "Sypniewo"]
[Date "2021.09.04"]
[Round "1.17"]
[White "Soliwoda, Zygmunt"]
[Black "Gajdzica, Maciej"]
[Result "1/2-1/2"]
[WhiteElo "1593"]
[BlackElo "1954"]
[PlyCount "139"]
[EventDate "2021.09.04"]
[EventType "team-swiss"]
[EventRounds "9"]
[EventCountry "POL"]
[SourceTitle "CBM 204 Extra"]
[Source "ChessBase"]
[SourceDate "2021.11.30"]
[SourceVersion "1"]
[SourceVersionDate "2021.11.30"]
[SourceQuality "1"]
[WhiteTeam "Myslenice MAT"]
[BlackTeam "Koszalin Hetman Politechnika"]
[WhiteTeamCountry "POL"]
[BlackTeamCountry "POL"]

1. d4 Nf6 2. c4 g6 3. Nc3 Bg7 4. e4 d6 5. Nf3 0-0 6. Be2 e5 7. 0-0 Nc6 8. dxe5 Nxe5 9. Nxe5 dxe5 10. Bg5 c6 11. Qxd8 Rxd8 12. Rad1 Be6 13. f3 Rd7 14. Rxd7 Nxd7 15. Rd1 Bf8 16. Be3 h5 17. h4 Be7 18. g3 Nb6 19. c5 Nd7 20. Na4 b5 21. cxb6 axb6 22. Bc4 Rxa4 23. Bxe6 Nc5 24. Bb3 Nxb3 25. axb3 Rb4 26. Rd3 Kf8 27. Kf1 Ke8 28. Ke2 Rb5 29. Kd2 Bb4+ 30. Kc2 Ke7 31. Bd2 Bc5 32. Be3 Bxe3 33. Rxe3 Ra5 34. Kb1 Ra7 35. Rc3 Kd6 36. b4 Ra4 37. Rd3+ Ke6 38. Rc3 Kd6 39. Rd3+ Kc7 40. b5 c5 41. Rd5 f6 42. Rd3 Rb4 43. Ra3 Kb7 44. Rd3 Kc7 45. Ra3 Rxb5 46. Ra7+ Kd6 47. Rg7 Rb3 48. Rxg6 Rxf3 49. Rh6 Ke6 50. Rxh5 Rxg3 51. Rh7 Rg4 52. Rb7 Rxe4 53. Rxb6+ Kd5 54. Rxf6 Rxh4 55. Kc2 Rh2+ 56. Kc3 Rh3+ 57. Kd2 Kc4 58. Re6 Rh2+ 59. Kc1 Kd5 60. Re8 e4 61. Rb8 Kc4 62. Kd1 e3 63. Re8 Rd2+ 64. Ke1 Kd3 65. Rd8+ Kc2 66. Rc8 Kd3 67. Rxc5 Rxb2 68. Rd5+ Ke4 69. Rd8 Kf3 70. Rf8+ 1/2-1/2

[Event "Lazy Baltic Pearl op-A 17th"]
[Site "Lazy"]
[Date "2021.07.05"]
[Round "8"]
[White "Gajdzica, Maciej"]
[Black "Kietrys, Maciej"]
[Result "0-1"]
[WhiteElo "2000"]
[BlackElo "1626"]
[PlyCount "118"]
[EventDate "2021.06.27"]
[EventType "swiss"]
[EventRounds "9"]
[EventCountry "POL"]
[SourceTitle "EXT 2022"]
[Source "ChessBase"]
[SourceDate "2021.10.06"]
[SourceVersion "1"]
[SourceVersionDate "2021.10.06"]
[SourceQuality "1"]

1. e4 e5 2. Nf3 Nc6 3. Bc4 Bc5 4. c3 Nf6 5. d3 d6 6. 0-0 0-0 7. Bb3 Bg4 8. h3 Bd7 9. Re1 Bb6 10. Nbd2 Ne7 11. Nc4 Be6 12. Ng5 Bxc4 13. Bxc4 Ng6 14. g3 h6 15. Nf3 Qd7 16. Kg2 c6 17. Bb3 Rae8 18. Be3 Bxe3 19. Rxe3 d5 20. exd5 Nxd5 21. Re4 f5 22. Re1 Kh8 23. Nd2 Rf6 24. Nc4 f4 25. Qg4 Qf7 26. Kg1 b5 27. Nd2 Rf5 28. Ne4 Rd8 29. c4 h5 30. Qe2 fxg3 31. cxd5 gxf2+ 32. Nxf2 Nf4 33. Qf3 cxd5 34. Rf1 Rf8 35. Rae1 g5 36. Nd1 g4 37. hxg4 hxg4 38. Qg3 Nh3+ 39. Kg2 Rxf1 40. Qh4+ Kg8 41. Qxg4+ Kh7 42. Qxh3+ Kg7 43. Qg3+ Kh7 44. Qh4+ Kg7 45. Qg3+ Kh7 46. Qh3+ Kg7 47. Qg3+ Kh7 48. Qh4+ Kg7 49. Qg5+ Kh7 50. Re3 Qg6 51. Rh3+ Kg7 52. Qxg6+ Kxg6 53. Rg3+ Kh6 54. Re3 R8f5 55. Rxe5 Rxe5 56. Kxf1 d4 57. Nf2 Kg5 58. Ne4+ Kf4 59. Ke2 Rh5 0-1

[Event "Lazy Baltic Pearl op-A 17th"]
[Site "Lazy"]
[Date "2021.07.02"]
[Round "6"]
[White "Gajdzica, Maciej"]
[Black "Goluch, Piotr"]
[Result "0-1"]
[WhiteElo "2000"]
[BlackElo "2333"]
[PlyCount "94"]
[EventDate "2021.06.27"]
[EventType "swiss"]
[EventRounds "9"]
[EventCountry "POL"]
[SourceTitle "EXT 2022"]
[Source "ChessBase"]
[SourceDate "2021.10.06"]
[SourceVersion "1"]
[SourceVersionDate "2021.10.06"]
[SourceQuality "1"]

1. e4 c6 2. d4 d5 3. e5 c5 4. dxc5 Nc6 5. a3 Nxe5 6. b4 e6 7. Bb2 Qc7 8. Nf3 Nxf3+ 9. Qxf3 Nf6 10. Bxf6 gxf6 11. Qxf6 Rg8 12. Bb5+ Bd7 13. Bxd7+ Qxd7 14. Qf3 Qb5 15. Nd2 a5 16. c4 dxc4 17. 0-0 0-0-0 18. Qxf7 Bg7 19. Ne4 Bxa1 20. Nd6+ Rxd6 21. Qxg8+ Rd8 22. Qxe6+ Qd7 23. Qxd7+ Rxd7 24. Rxa1 Kc7 25. Kf1 Kc6 26. Rc1 Kb5 27. c6 bxc6 28. bxa5 Rd3 29. a4+ Kb4 30. a6 Ra3 31. Ke2 Rxa4 32. Ke3 Kc5 33. Ke4 Rxa6 34. Ke5 Ra2 35. f4 Rxg2 36. h4 Re2+ 37. Kf6 Kd4 38. f5 c3 39. Kg7 Re7+ 40. Kf8 Re4 41. f6 Rxh4 42. Rf1 Ke3 43. f7 Ra4 44. Re1+ Kd2 45. Kg8 Rg4+ 46. Kxh7 Rf4 47. Re7 c2 0-1

[Event "Lazy Baltic Pearl op-A 17th"]
[Site "Lazy"]
[Date "2021.06.29"]
[Round "3"]
[White "Kultucki, Kamil"]
[Black "Gajdzica, Maciej"]
[Result "0-1"]
[WhiteElo "1493"]
[BlackElo "2000"]
[PlyCount "80"]
[EventDate "2021.06.27"]
[EventType "swiss"]
[EventRounds "9"]
[EventCountry "POL"]
[SourceTitle "EXT 2022"]
[Source "ChessBase"]
[SourceDate "2021.10.06"]
[SourceVersion "1"]
[SourceVersionDate "2021.10.06"]
[SourceQuality "1"]

1. e4 d5 2. exd5 Qxd5 3. Nc3 Qd6 4. d4 Nf6 5. Nf3 a6 6. Bg5 Nc6 7. Bh4 Bg4 8. Bg3 Qb4 9. d5 Qxb2 10. Na4 Qb4+ 11. c3 Qe4+ 12. Be2 Bxf3 13. gxf3 Qxd5 14. Bxc7 Rc8 15. Bb6 e6 16. Qc2 Ne5 17. Rd1 Nxf3+ 18. Bxf3 Qxf3 19. Rf1 Be7 20. Rd3 Qe4+ 21. Kd2 Nd5 22. Re1 Qf4+ 23. Be3 Nxe3 24. fxe3 Qxh2+ 25. Re2 Qc7 26. Kc1 b5 27. Nb2 Bf6 28. Nd1 Qc4 29. Kb1 0-0 30. Rh2 g6 31. a3 a5 32. Nb2 Qe4 33. Ka1 b4 34. axb4 axb4 35. Nd1 Ra8+ 36. Kb1 bxc3 37. Nxc3 Qg4 38. Rh1 Rfb8+ 39. Kc1 Ra1+ 40. Nb1 Rbxb1+ 0-1

[Event "POL-ch U18"]
[Site "Leba"]
[Date "2007.03.26"]
[Round "4"]
[White "Szelc, Adam"]
[Black "Gajdzica, Maciej"]
[Result "0-1"]
[WhiteElo "1989"]
[BlackElo "2103"]
[PlyCount "201"]
[EventDate "2007.03.24"]
[EventType "swiss"]
[EventRounds "11"]
[EventCountry "POL"]
[SourceTitle "EXT 2011"]
[Source "ChessBase"]
[SourceDate "2010.11.26"]
[SourceVersion "1"]
[SourceVersionDate "2010.11.26"]
[SourceQuality "1"]

1. e4 c5 2. Nf3 Nc6 3. d4 cxd4 4. Nxd4 Nf6 5. Nc3 e5 6. Ndb5 d6 7. Nd5 Nxd5 8. exd5 Ne7 9. c4 Nf5 10. Bd3 Be7 11. a4 0-0 12. 0-0 a6 13. Nc3 Bg5 14. a5 Bxc1 15. Qxc1 Nd4 16. Qe3 f5 17. f4 Nb3 18. Ra3 exf4 19. Rxf4 Re8 20. Qf2 Nc5 21. Bc2 g6 22. b4 Nd7 23. Nd1 b6 24. Rg3 bxa5 25. Bxf5 Ne5 26. Bb1 axb4 27. h4 Rf8 28. h5 Rxf4 29. Qxf4 Qf8 30. Qg5 h6 31. Qe3 g5 32. Qe4 Qg7 33. Ne3 Ra7 34. Nf5 Qf6 35. Nd4 Rf7 36. Nf3 Bf5 37. Qe1 Bxb1 38. Qxb1 Nxf3+ 39. Rxf3 Qd4+ 40. Kh2 Rxf3 41. gxf3 Qf2+ 42. Kh1 Qxf3+ 43. Kg1 Qg3+ 44. Kf1 Qh3+ 45. Kg1 Qxh5 46. Qxb4 Qd1+ 47. Kg2 Qe2+ 48. Kg3 Qe5+ 49. Kf2 Qf4+ 50. Ke2 g4 51. Qb8+ Kg7 52. c5 Qc4+ 53. Ke3 Qxc5+ 54. Kf4 Qd4+ 55. Kf5 Qxd5+ 56. Kxg4 h5+ 57. Kf4 Qe5+ 58. Kf3 a5 59. Qa7+ Kf6 60. Qa8 Qc3+ 61. Ke4 Qe1+ 62. Kd4 Qb4+ 63. Kd3 h4 64. Qf8+ Kg5 65. Qg7+ Kf4 66. Qf6+ Kg3 67. Qg5+ Kh2 68. Qf6 Qb1+ 69. Kc4 Qe4+ 70. Kb3 a4+ 71. Ka3 d5 72. Qf2+ Kh3 73. Qf6 Kg2 74. Qg5+ Kf2 75. Qd2+ Kf3 76. Qh2 Kg4 77. Qg1+ Kf3 78. Qf1+ Ke3 79. Qe1+ Kd4 80. Qb4+ Kd3 81. Qb1+ Kd2 82. Qb8 d4 83. Qh2+ Ke3 84. Qg1+ Ke2 85. Qh2+ Kf1 86. Qh3+ Ke1 87. Qh2 d3 88. Qg1+ Ke2 89. Qh2+ Kf1 90. Qh3+ Ke1 91. Qh2 d2 92. Qg1+ Ke2 93. Qh2+ Kd3 94. Qd6+ Qd4 95. Qg6+ Kc3 96. Qc6+ Kd3 97. Qb5+ Qc4 98. Qf5+ Ke2 99. Qh5+ Ke1 100. Qe5+ Qe2 101. Qg3+ 0-1

[Event "POL-ch U18"]
[Site "Leba"]
[Date "2007.03.25"]
[Round "3"]
[White "Gajdzica, Maciej"]
[Black "Bobula, Mateusz"]
[Result "0-1"]
[WhiteElo "2103"]
[BlackElo "2359"]
[PlyCount "54"]
[EventDate "2007.03.24"]
[EventType "swiss"]
[EventRounds "11"]
[EventCountry "POL"]
[SourceTitle "EXT 2011"]
[Source "ChessBase"]
[SourceDate "2010.11.26"]
[SourceVersion "1"]
[SourceVersionDate "2010.11.26"]
[SourceQuality "1"]

1. d4 d5 2. c4 e6 3. Nc3 Nf6 4. Bg5 Nbd7 5. e3 c6 6. Nf3 Qa5 7. cxd5 Nxd5 8. Qb3 Bb4 9. Rc1 h6 10. Bh4 c5 11. a3 Bxc3+ 12. bxc3 cxd4 13. exd4 b6 14. Bb5 Ba6 15. Bxd7+ Kxd7 16. Ne5+ Ke8 17. Kd2 Rc8 18. Rhe1 g5 19. Bg3 f6 20. Nd3 Kf7 21. Nb4 Bc4 22. Qd1 Qxa3 23. Qh5+ Kg7 24. Rxe6 Nxb4 25. Re7+ Kf8 26. Bd6 Qb2+ 27. Ke3 Nd5+ 0-1

[Event "POL-ch U18"]
[Site "Leba"]
[Date "2007.03.24"]
[Round "1"]
[White "Gajdzica, Maciej"]
[Black "Olszewski, Michal"]
[Result "0-1"]
[WhiteElo "2103"]
[BlackElo "2405"]
[PlyCount "60"]
[EventDate "2007.03.24"]
[EventType "swiss"]
[EventRounds "11"]
[EventCountry "POL"]
[SourceTitle "EXT 2011"]
[Source "ChessBase"]
[SourceDate "2010.11.26"]
[SourceVersion "1"]
[SourceVersionDate "2010.11.26"]
[SourceQuality "1"]

1. d4 Nf6 2. Nf3 e6 3. c4 c5 4. e3 cxd4 5. exd4 d5 6. Nc3 Nc6 7. Bd3 Be7 8. 0-0 Nb4 9. Be2 dxc4 10. Bxc4 0-0 11. Re1 a6 12. Bg5 b5 13. Bb3 Bb7 14. Ne5 Nbd5 15. Qd3 Rc8 16. Rad1 Nxc3 17. bxc3 Nd5 18. Bxe7 Qxe7 19. Bxd5 Bxd5 20. Rd2 Rc7 21. a4 Rfc8 22. axb5 Rxc3 23. Qe2 axb5 24. Qxb5 Qg5 25. f4 Qxf4 26. Qb2 f6 27. Nd7 Rb3 28. Rc1 Qe3+ 29. Kf1 Rxc1+ 30. Qxc1 Bc4+ 0-1

[Event "POL-chT 2nd League"]
[Site "Lublin"]
[Date "2006.09.09"]
[Round "8.15"]
[White "Zielinski, Przemyslaw"]
[Black "Gajdzica, Maciej"]
[Result "1-0"]
[WhiteElo "2342"]
[BlackElo "2063"]
[PlyCount "79"]
[EventDate "2006.09.02"]
[EventType "team-swiss"]
[EventRounds "9"]
[EventCountry "POL"]
[SourceTitle "EXT 2019"]
[Source "ChessBase"]
[SourceDate "2018.10.10"]
[SourceVersion "1"]
[SourceVersionDate "2018.10.10"]
[SourceQuality "1"]
[WhiteTeam "Krakow TKKF Drogowiec"]
[BlackTeam "Koszalin Hetman Politechnika"]
[WhiteTeamCountry "POL"]
[BlackTeamCountry "POL"]

1. e4 c5 2. Nf3 Nc6 3. Bb5 g6 4. Bxc6 dxc6 5. h3 Bg7 6. d3 Nf6 7. Nc3 Nd7 8. 0-0 0-0 9. Be3 e5 10. Qd2 Re8 11. Nh2 Qe7 12. Ne2 Nf8 13. Bh6 f5 14. Bxg7 Qxg7 15. exf5 gxf5 16. f4 e4 17. dxe4 Rxe4 18. c3 Be6 19. Rf3 Ng6 20. Ng3 Nh4 21. Nxe4 Nxf3+ 22. Nxf3 fxe4 23. Ng5 Bd5 24. Re1 Re8 25. Qe3 Rf8 26. Nxe4 Bxa2 27. Nxc5 Bd5 28. Re2 Qf7 29. Nd3 Qf5 30. Rf2 a5 31. Ne5 b5 32. Ng4 Qe4 33. Qg3 Kh8 34. Qh4 Qf5 35. Qh6 Be4 36. Qd6 h5 37. Ne5 Qf6 38. Qd4 Bb1 39. Nxc6 Qxd4 40. Nxd4 1-0

[Event "POL-chT 2nd League"]
[Site "Lublin"]
[Date "2006.09.07"]
[Round "6.45"]
[White "Gajdzica, Maciej"]
[Black "Bugalski, Lukasz"]
[Result "1/2-1/2"]
[WhiteElo "2063"]
[BlackElo "2084"]
[PlyCount "77"]
[EventDate "2006.09.02"]
[EventType "team-swiss"]
[EventRounds "9"]
[EventCountry "POL"]
[SourceTitle "EXT 2019"]
[Source "ChessBase"]
[SourceDate "2018.10.10"]
[SourceVersion "1"]
[SourceVersionDate "2018.10.10"]
[SourceQuality "1"]
[WhiteTeam "Koszalin Hetman Politechnika"]
[BlackTeam "Znin Baszta"]
[WhiteTeamCountry "POL"]
[BlackTeamCountry "POL"]

1. d4 Nf6 2. c4 g6 3. Nc3 d5 4. Bf4 Bg7 5. Nf3 0-0 6. e3 c5 7. h3 Qa5 8. Qd2 cxd4 9. exd4 Nc6 10. Be2 Ne4 11. Nxe4 dxe4 12. Qxa5 Nxa5 13. Ne5 Nc6 14. Nxc6 bxc6 15. 0-0-0 Rd8 16. Be5 f6 17. Bc7 Rd7 18. Ba5 Ba6 19. f3 e3 20. f4 Rc8 21. f5 gxf5 22. Rhf1 e6 23. b3 Bh6 24. Bc3 Bg5 25. Kc2 Bb7 26. g3 Bh6 27. g4 f4 28. h4 Kf7 29. c5 Rg8 30. b4 a6 31. Bf3 Rd5 32. a4 Ke7 33. Rg1 Rd7 34. b5 axb5 35. axb5 Rc8 36. g5 Bg7 37. Rg4 cxb5 38. Bxb7 Rxb7 39. Rxf4 1/2-1/2

[Event "POL-ch U18"]
[Site "Leba"]
[Date "2006.03.31"]
[Round "9"]
[White "Gajdzica, Maciej"]
[Black "Nowacki, Adrian"]
[Result "1-0"]
[WhiteElo "2038"]
[BlackElo "2031"]
[PlyCount "75"]
[EventDate "2006.03.25"]
[EventType "swiss"]
[EventRounds "11"]
[EventCountry "POL"]
[SourceTitle "CBM 111 Extra"]
[Source "ChessBase"]
[SourceDate "2006.05.09"]
[SourceVersion "1"]
[SourceVersionDate "2006.05.09"]
[SourceQuality "1"]

1. d4 Nf6 2. Nf3 g6 3. Bf4 Bg7 4. c4 0-0 5. Nc3 d5 6. Rc1 Na6 7. e3 c6 8. h3 Qa5 9. Qd2 Bd7 10. Be2 dxc4 11. Bxc4 b5 12. Bb3 Rfd8 13. Ne5 Be8 14. 0-0 c5 15. Rfe1 Qb4 16. Red1 cxd4 17. exd4 Rac8 18. Qe3 Nb8 19. d5 Nh5 20. Bh2 Qc5 21. Qf3 Nf6 22. Ne2 Qd6 23. Rxc8 Rxc8 24. Nd4 a5 25. a3 a4 26. Ba2 b4 27. axb4 Qxb4 28. Qe2 Bf8 29. d6 exd6 30. Nxf7 d5 31. Ng5 Qb6 32. Be5 Nbd7 33. Nde6 Be7 34. Rxd5 Nxd5 35. Bxd5 Rc1+ 36. Kh2 Qa5 37. Nc5+ Bf7 38. Bxf7+ 1-0